000 00363nam a22001337a 4500
020 _a019564080-2
082 _a294.38 RAD
100 _aRadhakrishnan, S.
245 _aThe Dhammapada: with Introductory Essays, Pali Tex English Translation and Note
260 _aNew delhi
_bOxford University Press
_c1996
300 _a194
650 _aDhammapada
942 _cBK
999 _c20339
_d20339